000
00310nam a2200133Ia 4500
008
150731s1999 xx 000 0 und d
082
_a
615.32
_b
C 99 V
100
_a
VARIER,P.S.
245
_a
CHIKITSA SAMGRAHAM
250
_a
1 ST
260
_b
ARYA VAIDYA SALA KERLA
_c
1999
300
_a
234
942
_2
ddc
_c
BK
999
_c
7987
_d
7987